000 00675nam a22002412a 4500
001 26631
003 BD-RjUL
005 20211209051038.0
008 140323t1956 enka 000 0 eng d
035 _a(BD-RjUL)26701
040 _aDLC
_cIYU
_dOCL
_dUKM
_dEQO
_dBD-RjUL
_beng
041 _aeng
082 0 0 _a915.1245
_218
_bNEE 1956
100 1 _aNeill, Desmond.
_981846
245 1 0 _aElegant flower :
_bfirst steps in China /
260 _aLondon :
_bMurray,
_c1956.
300 _a202 p. :
_bill. ;
_c23 cm.
650 0 _aChinese
_zSoutheast Asia
_977257
651 0 _aChina
_xDescription and travel
_981847
942 _2ddc
_cBK
999 _c26631
_d26631